000 00486cam a2200193ua 4500
020 _c325.00
041 _aeng
_h
082 _a658.4034
_bSHA/OP
100 _aShah, Nita H .
245 _aOperations research /
_cNita H Shah.
_hTextual Documents
260 _aNew Delhi :
_bPrentice Hall of India Pvt Ltd. ,
_c2007.
300 _a ; .
365 _a325.00
504 _a
700 1 _aGor, Ravi M .
700 1 _aSoni, Hardik .
942 _cBK
999 _c13497
_d13497